000 01544nam a2200469 i 4500
001 43786
003 KOSZ 005
005 20220906132759.0
008 040225s2003 pl a |000 0 pol
015 _aPB 2004/22840
020 _a8387814989
040 _aWA N
_cWA N
_dKOSZ 005/HR
041 0 _apol
_beng
046 _k2003
080 _a339.7(4-67)
080 _a338.2](4-67)
080 _a336.14(438)
080 _a353(438)
080 _a332.14(438)
100 1 _aGrzeszczyk, Tadeusz
_eAutor
245 1 0 _aZarządzanie funduszami europejskimi w rozwoju województwa :
_bbadania, edukacja, konsulting /
_cTadeusz Grzeszczyk.
260 _aŁódź :
_bWyższa Szkoła Humanistyczno-Ekonomiczna,
_c2003.
300 _a304 s. :
_bmapy, rys., tab., wykr. ;
_c24 cm.
336 _2rdacontent
_aTekst
_btxt
337 _2rdamedia
_aBez urządzenia pośredniczącego
_bn
338 _2rdacarrier
_aWolumin
_bnc
380 _aKsiążki
388 _a2001-
504 _aBibliogr. s. 285-298.
546 _aStreszcz. ang.
648 7 _a2001-
650 4 _aBudżety terenowe
650 4 _aPlanowanie gospodarcze
650 4 _aProgramy pomocowe UE
650 4 _aRegionalizacja gospodarcza
650 4 _aFundusze strukturalne UE
650 4 _aPolityka regionalna UE
651 7 _aPolska
658 _aGospodarka, ekonomia, finanse
856 _uhttp://koha.tu.koszalin.pl/cgi-bin/koha/opac-detail.pl?biblionumber=43786
_yKatalog online BPK
942 _2UKD
_cKS
999 _c43786
_d43786